Science Quiz

Random Science or Animal Quiz
Score 0/30 Timer 10:00
0 Plays Today
% Correct
Yes, it is a Bombay
82.7%
Yes, it is a Peterbald
82.7%
Yes, it is a Sphynx
81.8%
Yes, it is a Highlander
81.8%
Yes, it is an Asian golden cat
80%
Yes, it is a clouded leopard
80%
Yes, it is a margay
79.1%
Yes, it is a tiger cat
79.1%
Yes, it is an Egyptian Mau
79.1%
Yes, it is a rusty-spotted cat
77.3%
Yes, they are Abyssinians
77.3%
Yes, it is a Manx
77.3%
Yes, is a fishing cat
75.5%
Yes, it is an American Bobtail
75.5%
Yes, it is a Toyger
74.5%
% Correct
Yes, it is an African Wild Cat
68.2%
Yes, it is an Iriomote cat
64.5%
Yes, it is a sand cat
61.8%
Yes, it is an Ocicat
61.8%
Yes, it is an Andean Mountain Cat
60.9%
Yes, it is a black-footed cat
59.1%
Yes, it is a European wild cat
55.5%
Yes, it is a Geoffroy's cat
51.8%
Yes, it is a Serengeti
50%
Yes, it is a colocolo
43.6%
Yes, it is a Bengal
41.8%
Yes, it is a Chinese mountain cat
39.1%
Yes, it is a Lykoi
37.3%
Yes, it is a Savannah
10.9%
Yes, it is a Pixiebob
10.9%
Remove Ads.
Support Sporcle.
Get the best of Sporcle when you Go Orange. This ad-free experience offers more features, more stats, and more fun while also helping to support Sporcle. Thank you for becoming a member.

You're not logged in!

Compare scores with friends on all Sporcle quizzes.
OR
Log In

Show Comments

Extras

Top Quizzes Today


Score Distribution

Your Account Isn't Verified!

In order to create a playlist on Sporcle, you need to verify the email address you used during registration. Go to your Sporcle Settings to finish the process.

Report this User

Report this user for behavior that violates our Community Guidelines.

Details: